| 000 | 00838nam0a22002659 4500 | ||
|---|---|---|---|
| 001 | RU\NLR\b_ik\85701 | ||
| 005 | 20250616224625.0 | ||
| 010 | _a5-7183-0059-3 | ||
| 035 | _a(NLR Aleph) 002159790 | ||
| 090 |
_a2509770 _c2509770 |
||
| 100 | _a19950127d1993 |||y0rusy50 ca | ||
| 101 | 0 | _aeng | |
| 102 | _aRU | ||
| 105 | _aa ||||||||| | ||
| 200 | 1 |
_aSt. Petersburg _eThe old city _eGuide _e[An album _fText by Valery Pilipenko _gTransl. from Russ. by Inna Gordina a. Igor Diakonov] |
|
| 210 |
_aSt. Petersburg _cZvezda libr. _d1993 |
||
| 215 |
_a143 c. _cил. _d21 |
||
| 702 | 1 |
_aPilipenko _bV. N. _gValerij Nikolaevič _4080 |
|
| 801 | 0 |
_aRU _bNLR _c19950127 _gPSBO |
|
| 801 | 1 |
_aRU _bNLR _c20020528 |
|
| 852 |
_aNLR _bЭ _jАлТ63/2-Л452 |
||
| 942 | _cBOOK | ||
| 980 | _aNB | ||